|
|
|
|
| LEADER |
00000nam0a2200000 4500 |
| 001 |
287273 |
| 005 |
20231101235955.0 |
| 020 |
|
|
|a RU
|b 85-41639
|
| 035 |
|
|
|a (RuTPU)RU\TPU\book\311651
|
| 090 |
|
|
|a 287273
|
| 100 |
|
|
|a 20150313d1985 m y0rusy5003 ca
|
| 101 |
0 |
|
|a rus
|
| 102 |
|
|
|a UA
|
| 105 |
|
|
|a a j 001zy
|
| 200 |
1 |
|
|a Динамика управляемых неголономных систем
|e учебное пособие
|f И. В. Николенко
|
| 210 |
|
|
|a Киев
|c Вища школа
|d 1985
|
| 215 |
|
|
|a 183 с.
|c ил.
|
| 320 |
|
|
|a Библиогр.: с. 180
|
| 606 |
|
|
|a Неголономные системы
|2 stltpush
|3 (RuTPU)RU\TPU\subj\66886
|9 82881
|
| 610 |
1 |
|
|a дифференциальные уравнения
|
| 610 |
1 |
|
|a свойства
|
| 610 |
1 |
|
|a равновесие
|
| 610 |
1 |
|
|a устойчивость
|
| 610 |
1 |
|
|a установившиеся движения
|
| 610 |
1 |
|
|a оптимальное управление
|
| 610 |
1 |
|
|a учебные пособия
|
| 675 |
|
|
|a 531.3(075.8)
|v 3
|
| 700 |
|
1 |
|a Николенко
|b И. В.
|g Изида Васильевна
|
| 801 |
|
0 |
|a RU
|b RuMRKP
|c 19950704
|g psbo
|
| 801 |
|
1 |
|a RU
|b 63413507
|c 20150313
|
| 801 |
|
2 |
|a RU
|b 63413507
|c 20171123
|g RCR
|
| 942 |
|
|
|c BK
|